Culture Générale - Série 2603 - Statistiques

Statistiques générales
  • Ce quiz a été pris 105 fois
  • Le résultat moyen est 4 sur 10
Statistiques - réponses
Question Réponse % Correct
De quel pays Doha est-elle la capitale ? Qatar
89%
Comment s'appelle le grand lac situé au Pérou et en Bolivie ? Titicaca
84%
De quel pays Amman est-elle la capitale ? Jordanie
60%
On appelle également cet animal fourmilier géant ou grand fourmilier tamanoir
51%
Dans la cour d'honneur du Palais-Royal on peut admirer les colonnes de .... Buren
37%
Le plus haut sommet de Corse qui culmine à 2 706 m s'appelle " le monte .... Cinto
29%
Jeune fille vertueuse à laquelle, dans certaines localités, on décernait solennellement une couronne de roses accompagnée d'une récompense (dot, livret de caisse d'épargne). rosière
23%
à l'origine un homme qui se bat à l'épée pour sa gloire, un ferrailleur qui recherche les duels. Par la suite le terme a désigné un tueur à gages. 9 lettres commençant par " s " spadassin
14%
Magistrat municipal (jusqu'à la Révolution) - Adjoint(e) au bourgmestre, aux Pays-Bas, en Belgique et au Luxembourg échevin
9%
Oiseau migrateur (famille des Oditidés), devenu très rare, appelé bernache au Canada. outarde
4%
Aucun quiz correspondant
Distribution des résultats
% des personnes avec chaque résultat
Percentile par nombre de réponses
Votre historique - résultats
Vous n’avez pas pris ce quiz